000 00502nam a2200217Ia 4500
003 OSt
005 20220912153236.0
006 a|||||r|||| 00| 0
007 ta
008 220909b |||||||| |||| 00| 0 eng d
024 _a195
037 _cTextual
040 _aCSL
_beng
_cCSL
041 _aeng
082 _aB, M1
100 _aSteen Lynn Arthur
245 0 _aMathematics Tomorrow
300 _ap.
_ccm.
942 _hB, M1
_cTEXL
_2CC
999 _c99628
_d99628